[Event "FRA-chT2W 0203"]
[Site "France"]
[Date "2003.04.05"]
[Round "10"]
[White "Castillo, Raymond"]
[Black "Common, Pierre Alexandre"]
[Result "1/2-1/2"]
[WhiteElo "2070"]
[BlackElo "2132"]
[PlyCount "154"]
[EventDate "2002.10.??"]
[EventType "team"]
[EventRounds "11"]
[EventCountry "FRA"]
[SourceTitle "EXT 2004"]
[Source "ChessBase"]
[SourceDate "2003.11.25"]
[SourceVersion "1"]
[SourceVersionDate "2003.11.25"]
[SourceQuality "1"]
[WhiteTeam "Le Chesnay"]
[BlackTeam "Le Mans"]
[WhiteTeamCountry "FRA"]
[BlackTeamCountry "FRA"]

1. e4 d6 2. d4 Nf6 3. Bd3 e5 4. d5 Be7 5. c4 Nbd7 6. Nc3 0-0 7. Nge2 h6 8. 0-0 Nh5 9. g4 Nhf6 10. f3 Nh7 11. Be3 Bg5 12. Qd2 Bxe3+ 13. Qxe3 a6 14. b4 Qh4 15. Qf2 Qxf2+ 16. Kxf2 g6 17. Ng3 Nhf6 18. Na4 Ne8 19. c5 b5 20. cxb6 Nxb6 21. Nc3 a5 22. bxa5 Rxa5 23. a4 Bd7 24. Rfb1 Nf6 25. Bb5 Rfa8 26. Rb4 Kf8 27. Bxd7 Nfxd7 28. Nb5 Nc5 29. Ke3 Nc4+ 30. Rxc4 Rxb5 31. Ne2 Rb3+ 32. Rc3 Rb4 33. a5 Rb5 34. Rca3 Ke7 35. a6 Ra7 36. Nc1 Rb6 37. Nd3 Rbxa6 38. Rxa6 Rxa6 39. Rxa6 Nxa6 40. f4 f6 41. h4 Kd7 42. fxe5 fxe5 43. h5 Ke7 44. hxg6 Kf6 45. Kf3 Kxg6 46. Kg3 Nc5 47. Nf2 Nb3 48. Nh3 Nd4 49. Kf2 c5 50. dxc6 Nxc6 51. Kg3 Nd4 52. Kf2 Ne6 53. Kg3 Kf6 54. Nf2 Nf4 55. Nd1 Ne6 56. Nf2 Ng5 57. Kh2 Nf3+ 58. Kg3 Nd2 59. Kh4 Kg6 60. Kg3 Nb3 61. Kh4 Nc5 62. Kg3 Nd7 63. Nd1 Nf6 64. Nf2 h5 65. gxh5+ Kxh5 66. Kf3 Kh4 67. Nd1 Nh7 68. Nc3 Ng5+ 69. Ke3 Kg3 70. Nb5 Nf7 71. Nc3 Kg2 72. Nb5 Kf1 73. Kd3 Kf2 74. Kc4 Ke3 75. Kd5 Kd3 76. Nxd6 Nxd6 77. Kxe5 Nxe4 1/2-1/2

[Event "FRA-chT2"]
[Site "France"]
[Date "2002.03.??"]
[Round "9.3"]
[White "Castillo, Raymond"]
[Black "Renault, Jerome"]
[Result "0-1"]
[WhiteElo "2060"]
[BlackElo "2160"]
[PlyCount "94"]
[EventDate "2002.??.??"]
[EventType "team"]
[EventRounds "11"]
[EventCountry "FRA"]
[SourceTitle "EXT 2003"]
[Source "ChessBase"]
[SourceDate "2002.11.25"]
[SourceVersion "1"]
[SourceVersionDate "2002.11.25"]
[SourceQuality "1"]

1. e4 c5 2. Nf3 d6 3. Bb5+ Bd7 4. Bxd7+ Nxd7 5. 0-0 Ngf6 6. Re1 a6 7. c4 g6 8. Nc3 Bg7 9. d3 0-0 10. h3 e6 11. Be3 Qb6 12. Qd2 Qc6 13. Bh6 b5 14. Bxg7 Kxg7 15. b3 b4 16. Ne2 e5 17. Nh2 Ng8 18. g4 Qc7 19. f4 Qd8 20. Nf3 h6 21. Kg2 Ne7 22. f5 Rh8 23. Ng3 Nc6 24. g5 hxg5 25. Nxg5 Nd4 26. Rf1 f6 27. fxg6 fxg5 28. Rf7+ Kxg6 29. Raf1 Ne6 30. Ne2 Nf4+ 31. Nxf4+ Kxf7 32. Nd5+ Kg6 33. Rf5 Rf8 34. Qf2 Nf6 35. Ne3 Nh5 36. h4 Nf4+ 37. Kf1 Rxf5 38. exf5+ Kf7 39. Qg1 gxh4 40. Nd5 Qg8 41. Qh1 Qg4 42. Nxf4 Qxf4+ 43. Ke2 e4 44. dxe4 Re8 45. Kd3 Qg3+ 46. Kd2 h3 47. Qd1 Qc3+ 0-1